000 00628nam a22001817a 4500
003 BD-DhUL
005 20161031145134.0
008 161031s1985 bg ||||| |||| 00| 0 ben
040 _aBD-DhUL
_cBD-DhUL
082 _a891.444
_bRAS
100 1 _a ইসলাম, রফিকুল
245 1 0 _aশহীদ মিনার /
_cরফিকুল ইসলাম
260 _aঢাকা :
_bবাংলা একাডেমী,
_c১৯৮৫.
300 _a ১০২পৃ.;
_c১৮ সেমি.
650 0 _aবাংলাদেশ - ইতিহাস
650 0 _aBangladesh - History
942 _2ddc
_cBK
999 _c117904
_d117904